000 011780000a22002290004500
020 _a0-916035-52-2 : Donación
041 0 _aSpa.
082 0 4 _aG 286.5 B536s
100 1 _aBert, Norman A.
245 1 0 _aEn la senda del discipulado radical : historia y herencia de los hermanos en Cristo / Norman A. Bert
260 _aNappanee, Indiana : Trevor Main
300 _a192 p.
500 _aTítulo original: Adventure in discipleship
501 _aEncuadernado en rústico con pasta flexible.
505 0 0 _aLa Reforma Protestante -- El dasafío anabautista -- Una vida nueva en una tierra nueva -- Los hermanos del Río -- Los hermanos en Cristo y la Biblia -- Una comunidad dentro de la sociedad -- Disciplina y perdón -- La experiencia del nuevo nacimiento -- Los Hermanos en Cristo y el movimiento de la santidad -- La iglesia entra en el mundo -- Los Hermanos en Cristo comparten y sirven -- El significado del nombre.
650 1 4 _aIGLESIA - HISTORIA - ANABAUTISTA \ DISCIPULADO \ HISTORIA - Hermanos en Cristo
001 14171
942 _cBK
999 _c43079
_d43079
336 _atexto
_btxt
_2rdacontent
337 _2rdamedia
_asin mediación
_bn
338 _2rdacarrier
_avolumen
_bnc